000 00722nam a2200253 a 4500
001 000014711
003 DO-SdBNP
005 20180328073925.0
007 000014711
008 100119s2009 dr af 000 0 spa d
020 _a9789945001853
040 _aBPMET
_bspa
_cBPMET
100 1 _aAntún, Lily
245 1 3 _aLa tortuga bailarina /
_cLily Antún ; ilustraciones José V. Almonte.
260 _cSanto Domingo :
_bLily Atún
300 _a[12] p. :
_bil. ;
_c29 cm.
490 1 _aLily
700 1 2 _aAlmonte, José V.
_eil.
830 0 _aLily
942 _2ddc
_cBK
945 _a Remanejado para la BNPHU / VM 2018
956 _aJPARRA
_b10
_c20100119
_lBND01
_h1348
956 _aVMATEO
_b10
_c20140627
_lBND01
_h1200
999 _c7724
_d7724